[Event "Amber-rapid 5th"]
[Site "Monte Carlo"]
[Date "1996.??.??"]
[Round "5"]
[White "Karpov, Anatoly"]
[Black "Lautier, Joel"]
[Result "1/2-1/2"]
[WhiteElo "2770"]
[BlackElo "2630"]

1.d4 d5 2.c4 dxc4 3.e4 Nc6 4.Be3 Nf6 5.Nc3 e5 6.d5 Na5 7.Nf3 Bd6 8.Qa4+ Bd7
9.Qxa5 a6 10.Bxc4 b6 11.Qxa6 Rxa6 12.Bxa6 O-O 13.O-O Ng4 14.Bd2 f5 15.exf5 Bxf5
16.h3 Nf6 17.Rfe1 Qe8 18.Bf1 e4 19.Nd4 Bd7 20.Be3 Qg6 21.Ne6 Re8 22.Bc4 Kh8
23.Bd4 c6 24.Bxf6 gxf6 25.Rxe4 cxd5 26.Bxd5 Be5 27.Nf4 Bxf4 28.Rxf4 Bxh3
29.g3 Qc2 30.Rb1 f5 31.Bf3 Qd2 32.Kh2 Bg4 33.Bxg4 fxg4 34.a4 Qc2 35.Kg2 Rc8
36.Rh1 Qxb2 37.Nd5 Rc1 38.Rxc1 Qxc1 39.Ne3 Qc6+ 40.Kh2 h5 41.Rf5 Qg6 42.a5 bxa5
43.Rxa5 Kh7 44.Ng2 Kg8 45.Nh4 Qb6 46.Rg5+ Kf7 47.Rf5+ Kg7 48.Kg1 Kh6 49.Rf7 Qe6
50.Rf4 Qe1+ 51.Kh2 Qd2 52.Rf6+ Kg7 53.Rf5 Kh6 54.Ng2 Kg6 55.Rf8 Kg7 56.Rf4 Kh6
57.Nh4 Kg7  1/2-1/2

[Event "Moscow GM3"]
[Site "Moscow"]
[Date "1996.??.??"]
[Round "?"]
[White "Iskusnyh, Sergei"]
[Black "Najer, Evgeniy"]
[Result "0-1"]
[WhiteElo "2460"]
[BlackElo "2455"]

1.d4 d5 2.c4 dxc4 3.e4 Nf6 4.e5 Nd5 5.Bxc4 Nb6 6.Bb3 Bf5 7.Nc3 e6 8.Nge2 Nc6
9.a3 Qd7 10.O-O Be7 11.Be3 Rd8 12.Qc1 O-O 13.Rd1 Na5 14.Bc2 Bxc2 15.Qxc2 Nac4
16.Bf4 Nd5 17.Nxd5 exd5 18.a4 c6 19.b3 Nb6 20.a5 Na8 21.a6 b6 22.Rd3 Nc7
23.Rh3 g6 24.Rg3 c5 25.Bh6 Rfe8 26.f4 f5 27.exf6 Bxf6 28.Rf1 Qe7 29.Kh1 Qxe2
30.Rxg6+ Kf7 31.Rxf6+ Kxf6 32.Bg5+ Kg7 33.Qxe2 Rxe2 34.Bxd8 Ne6 35.Bh4 Nxd4
36.f5 Nxb3 37.f6+ Kf7 38.Rf5 Re4 39.g3 Rxh4 40.gxh4 c4 41.Kg2 c3  0-1

[Event "Moscow IM4"]
[Site "Moscow"]
[Date "1996.??.??"]
[Round "?"]
[White "Mitbreit, Dmitry"]
[Black "Feoktistov, Alexey A"]
[Result "1-0"]
[WhiteElo "2315"]
[BlackElo "2270"]

1.d4 d5 2.c4 dxc4 3.e4 e5 4.Nf3 exd4 5.Bxc4 Bb4+ 6.Nbd2 Nc6 7.O-O Qe7 8.Nb3 Bd7
9.a3 Bd6 10.Nbxd4 O-O-O 11.Re1 Bc5 12.Be3 Nxd4 13.Bxd4 Be6 14.Bxc5 Rxd1 15.Bxe7 Rxe1+
16.Rxe1 Bxc4 17.Bf8 h6 18.Bxg7 Rh7 19.Bc3 Ne7 20.Bf6 Ng8 21.Bh4 Rg7 22.Bg3 f6
23.Rc1 Rd7 24.Bf4 b6 25.Nd2 Bd3 26.f3 Kb7 27.Kf2 c5 28.Ke3 h5 29.Rg1 Ne7
30.g4 hxg4 31.Rxg4 f5 32.Rg1 Bb5 33.Kf2 fxe4 34.Nxe4 Nd5 35.Be5 Ka6 36.Rg7 Rd8
37.h4 Re8 38.Rg5 Re6 39.h5 Bc6 40.Kg3 Ne7 41.Nf6 Nd5 42.Nxd5 Bxd5 43.Bg7 Bb3
44.h6 Bc2 45.f4 Bh7 46.f5 Re1 47.f6 Rf1 48.Rg4 Rg1+ 49.Kf3 Rf1+ 50.Ke3 Re1+
51.Kf2 Re5 52.Rf4  1-0

[Event "Moscow Alekhine op"]
[Site "Moscow"]
[Date "1996.??.??"]
[Round "?"]
[White "Notkin, Maksim"]
[Black "Balashov, Yuri S"]
[Result "1/2-1/2"]
[WhiteElo "2515"]
[BlackElo "2480"]

1.d4 d5 2.c4 dxc4 3.e4 Nc6 4.Be3 Nf6 5.Nc3 e5 6.d5 Na5 7.Qa4+ c6 8.dxc6 Nxc6
9.Bxc4 Bb4 10.Nf3 O-O 11.O-O Bxc3 12.bxc3 Nxe4 13.Rfd1 Qf6 14.Bxf7+ Rxf7  1/2-1/2

[Event "Moscow PCA qual"]
[Site "Moscow"]
[Date "1996.??.??"]
[Round "1"]
[White "Kuzmin, Alexey"]
[Black "Rublevsky, Sergei"]
[Result "0-1"]
[WhiteElo "2530"]
[BlackElo "2610"]

1.d4 d5 2.c4 dxc4 3.e4 e5 4.Nf3 exd4 5.Bxc4 Nc6 6.O-O Be6 7.Bb5 Bc5 8.Nbd2 Ne7
9.Nb3 Bb6 10.Nbxd4 Bd7 11.Nxc6 Bxc6 12.Qe2 O-O 13.Bg5 Qe8 14.Bxc6 Nxc6 15.Rad1 Qe6
16.a3 Rae8 17.Rde1 f5 18.e5 h6 19.Bd2 Ne7 20.Bb4 Rf7 21.Bxe7 Rfxe7 22.h4 Qg6
23.Qc4+ Kh7 24.Re2 Qg4 25.Qd3 Re6 26.Nh2 Qh5 27.Qf3 Qg6 28.Qf4 Qh5 29.Qf3 Qf7
30.Qf4 c6 31.Nf3 Rg6 32.Rfe1 Rg4 33.Qh2 Re6 34.h5 Qd7 35.Qh3 Qd5 36.Nh2 Rg5
37.Nf3 Rg4 38.Nh2 Rf4 39.g3 Qd3 40.Kg2 Rc4 41.Nf3 Rc2 42.Rxc2 Qxc2 43.Rf1 Kg8
44.g4 fxg4 45.Qxg4 Re8 46.b4 Qe2 47.Qg3 Qe4 48.Re1 Qd3 49.Nh4 Qd5+ 50.Qf3 Qd2
51.Re4 Rf8 52.Re2 Qg5+ 53.Qg3 Qxh5 54.Ng6 Qxe2  0-1

[Event "Moscow-ch"]
[Site "Moscow"]
[Date "1996.??.??"]
[Round "11"]
[White "Notkin, Maksim"]
[Black "Rychagov, Andrei"]
[Result "1-0"]
[WhiteElo "2520"]
[BlackElo "2375"]

1.d4 d5 2.c4 dxc4 3.e4 e5 4.Nf3 exd4 5.Bxc4 Bb4+ 6.Bd2 Bxd2+ 7.Nbxd2 Nc6
8.O-O Nf6 9.b4 O-O 10.b5 Na5 11.Bd3 c5 12.Qc2 Nd7 13.e5 h6 14.Rae1 b6 15.Be4 Bb7
16.Bxb7 Nxb7 17.Qe4 Na5 18.e6 fxe6 19.Qxe6+ Rf7 20.a4 Rc8 21.Ne4 Nf8 22.Qa2 c4
23.Ne5 Rfc7 24.f4 d3 25.f5 Qd4+ 26.Nf2 d2 27.Re4 Qd5 28.f6 gxf6 29.Neg4 Kg7
30.Ne3 Qd8 31.Rd4 Rd7 32.Qxd2 Rxd4 33.Nf5+ Kg8 34.Nxd4 Ne6 35.Qxh6 Qxd4 36.Rd1 Qf4
37.Qg6+ Kf8 38.Rd7  1-0

[Event "JUG-chT"]
[Site "Niksic"]
[Date "1996.??.??"]
[Round "?"]
[White "Sherbakov, Ruslan"]
[Black "Komarov, Dimitri"]
[Result "1/2-1/2"]
[WhiteElo "2555"]
[BlackElo "2595"]

1.d4 d5 2.c4 dxc4 3.e4 Nc6 4.d5 Ne5 5.Qd4 Ng6 6.Nf3 e5 7.Qxc4 Nf6 8.g3 Bd7
9.Nc3 a6 10.a3 b5 11.Qe2 c5 12.dxc6  1/2-1/2

[Event "JUG-chT"]
[Site "Niksic"]
[Date "1996.??.??"]
[Round "?"]
[White "Beliavsky, Alexander G"]
[Black "Sherbakov, Ruslan"]
[Result "1-0"]
[WhiteElo "2615"]
[BlackElo "2565"]

1.d4 d5 2.c4 dxc4 3.e4 e5 4.Nf3 exd4 5.Bxc4 Nc6 6.O-O Be6 7.Bb5 Bc5 8.b4 Bb6
9.Bb2 Ne7 10.Bxd4 O-O 11.Bc5 Bxc5 12.bxc5 a6 13.Bxc6 Nxc6 14.Nc3 Qe7 15.Nd5 Qxc5
16.Nxc7 Rad8 17.Nxe6 fxe6 18.Qb3 Qe7 19.Rab1 Rd7 20.Rfc1 h6 21.h3 Qf6 22.Qe3 Rfd8
23.Rb6 Rd1+ 24.Rxd1 Rxd1+ 25.Kh2 Ne5 26.Nxe5 Qxe5+ 27.f4 Qa1 28.Rxe6 Re1
29.Qb3 Kh7 30.e5 Rh1+ 31.Kg3 Qe1+ 32.Kg4 Qe2+ 33.Qf3 h5+ 34.Kh4 Qxf3 35.gxf3 g6
36.Rb6 Rg1 37.Rxb7+ Kh6 38.Rb6 Kg7 39.Rxa6 Kf7 40.a4 Rf1 41.Rf6+ Kg7 42.f5  1-0

[Event "Nova Gorica"]
[Site "Nova Gorica"]
[Date "1996.??.??"]
[Round "2"]
[White "Rusjan, Miran"]
[Black "Palac, Mladen"]
[Result "0-1"]
[WhiteElo "2225"]
[BlackElo "2545"]

1.d4 d5 2.c4 dxc4 3.e4 Nc6 4.d5 Ne5 5.Bf4 Ng6 6.Bg3 e5 7.Nf3 Bd6 8.Bxc4 a6
9.O-O Nf6 10.Re1 O-O 11.Nbd2 b5 12.Bd3 Bd7 13.Rc1 Rc8 14.Nb3 c5 15.dxc6 Bxc6
16.Qe2 Qb6 17.Red1 Rfd8 18.Nh4 Bd7 19.Nf5 Bb8 20.Rxc8 Bxc8 21.Ne3 Bb7 22.f3 Nf4
23.Qc2 Bxe4 24.Bxe4 Rxd1+ 25.Qxd1 Nxe4 26.Bxf4 exf4 27.fxe4 Qxe3+ 28.Kf1 Qb6
29.Qd7 g6 30.Qc8+ Kg7 31.Qc5 Qf6 32.Nd4 Be5 33.Nf3 Bxb2 34.e5 Qe6 35.Qb4 Qxa2
36.Qxf4 Qc4+ 37.Qxc4 bxc4 38.Ke2 a5 39.Kd2 a4 40.Kc2 a3 41.Kb1 Kf8 42.Nd2 c3
43.Nf3 Ke7 44.Nd4 h5 45.h3 c2+ 46.Nxc2 Ke6 47.g4 hxg4 48.hxg4 Kxe5  0-1

[Event "JUG-chT (Women)"]
[Site "Novi Sad"]
[Date "1996.??.??"]
[Round "?"]
[White "Shumiakina, Tatiana"]
[Black "Skripchenko, Almira"]
[Result "0-1"]
[WhiteElo "2350"]
[BlackElo "2390"]

1.d4 d5 2.c4 dxc4 3.e4 Nf6 4.e5 Nd5 5.Bxc4 Nc6 6.Ne2 Nb6 7.Bb3 Bf5 8.Nbc3 e6
9.a3 Qd7 10.O-O O-O-O 11.Be3 h5 12.Rc1 Kb8 13.Ba2 Qe8 14.Qe1 f6 15.exf6 gxf6
16.f3 h4 17.Qf2 Ne7 18.Nf4 e5 19.dxe5 fxe5 20.Ne6 Bxe6 21.Bxe6 Nc6 22.Bh3 Nd4
23.Rfe1 Qf7 24.Rcd1 Bg7 25.Bg5 Rdf8 26.Kh1 Qh5 27.Be7 Rf7 28.Bc5 Qg6 29.Re4 Bf6
30.Rg4 Qh6 31.Ne4 Bg7 32.Nc3 Nd7 33.Bxd4 exd4 34.Ne2 c5 35.Nc1 Nf6 36.Rxg7 Rxg7
37.b4 Nd5 38.bxc5 Ne3 39.Re1 Rhg8 40.Nd3 Nxg2 41.Bxg2 Rxg2 42.Qxd4 Qg5 43.Qf4+ Qxf4
44.Nxf4 Rc2  0-1

[Event "Parnu-B"]
[Site "Parnu"]
[Date "1996.??.??"]
[Round "5"]
[White "Epishin, Vladimir"]
[Black "Westerinen, Heikki MJ"]
[Result "1-0"]
[WhiteElo "2645"]
[BlackElo "2410"]

1.d4 d5 2.c4 dxc4 3.e4 e5 4.Nf3 exd4 5.Bxc4 Bb4+ 6.Bd2 Bxd2+ 7.Nbxd2 Nh6
8.O-O O-O 9.Nb3 Nc6 10.Nbxd4 Nxd4 11.Qxd4 Qxd4 12.Nxd4 Ng4 13.Nb5 Bd7 14.Nxc7 Rac8
15.Rac1 Rxc7 16.Bxf7+ Rxf7 17.Rxc7 Bc6 18.Rc8+ Rf8 19.Rxf8+ Kxf8 20.Rd1 Ke7
21.f3 Ne5 22.Kf2 Nc4 23.b3 Na3 24.Rc1 Kd6 25.Ke3 Bd7 26.f4 Bc6 27.g4 a5 28.h4 a4
29.bxa4 Bxa4 30.e5+ Kd7 31.Rc3 Nb1 32.Rd3+ Ke7 33.f5 Bc2 34.Rd4 Na3 35.Kf4 b5
36.e6 Bb1 37.Rd7+ Ke8 38.Rxg7 Bxa2 39.Rxh7  1-0

[Event "ARG-ch"]
[Site "Pena City"]
[Date "1996.??.??"]
[Round "2"]
[White "Sorin, Ariel"]
[Black "Spangenberg, Hugo"]
[Result "1/2-1/2"]
[WhiteElo "2485"]
[BlackElo "2555"]

1.d4 d5 2.c4 dxc4 3.e4 e5 4.Nf3 exd4 5.Bxc4 Bb4+ 6.Nbd2 Nc6 7.O-O Nf6 8.e5 Nd5
9.a3 Be7 10.Qb3 Na5 11.Qa4+ c6 12.Ba2 b5 13.Qxd4 Be6 14.Ne4 h6 15.Nc5 Bxc5
16.Qxc5 Qb6 17.Qxb6 Nxb6 18.Bxe6 fxe6 19.Nd4 Kd7 20.Rd1 Nd5 21.b3 a6 22.Bd2 Nb7
23.Rac1 c5 24.Ne2 Rac8 25.Nc3 Nxc3 26.Rxc3 Kc6 27.Be3 Rhd8 28.Rdc1 Rd5 29.f4 a5
30.a4 b4 31.Rc4 Kb6 32.Kf2 Rd3 33.Rb1 h5 34.Ke2 Rcd8 35.Rbc1  1/2-1/2

[Event "POL-chTJ"]
[Site "Poland"]
[Date "1996.??.??"]
[Round "?"]
[White "Mikrut, Dariusz"]
[Black "Ciszak, Daniel"]
[Result "1-0"]
[WhiteElo "2140"]
[BlackElo "2090"]

1.d4 d5 2.c4 dxc4 3.e4 Nf6 4.e5 Nd5 5.Bxc4 Nb6 6.Bb3 Nc6 7.Be3 Bf5 8.Nf3 e6
9.O-O Be7 10.Nc3 Nb4 11.a3 N4d5 12.Nxd5 Nxd5 13.Bc2 Bxc2 14.Qxc2 Qd7 15.Qb3 O-O-O
16.Rac1 h6 17.Nd2 g5 18.Nc4 Rdg8 19.Na5 c6 20.Rc2 Bd8 21.Nc4 Bc7 22.Qd3 Rg7
23.b4 h5 24.Rb1 h4 25.b5 cxb5 26.Rxb5 b6 27.Qb3 Kd8 28.a4 Rgg8 29.a5 a6 30.Rxb6 Nxb6
31.axb6 Bb8 32.Na5 Ke8 33.Nc6 Qb7 34.Nxb8 Qxb8 35.Qb4 a5 36.Qc5 Qb7 37.Qd6 h3
38.f3 Qd7 39.Rc7 Qxd6 40.exd6 Kf8 41.b7 Kg7 42.d5 Kf6 43.d7 Rb8 44.Ba7  1-0

[Event "POL-chTJ"]
[Site "Poland"]
[Date "1996.??.??"]
[Round "?"]
[White "Ojrzynski, Blazej"]
[Black "Ciszak, Daniel"]
[Result "1/2-1/2"]
[WhiteElo "2125"]
[BlackElo "2090"]

1.d4 d5 2.c4 dxc4 3.e4 Nf6 4.e5 Nd5 5.Bxc4 Nb6 6.Bb3 Nc6 7.Be3 Bf5 8.Nc3 Nb4
9.Qd2 Nd3+ 10.Kf1 Nb4 11.Nge2 e6 12.a3 Nc6 13.Kg1 Na5 14.Qd1 Nxb3 15.Qxb3 Be7
16.h3 Qd7 17.Kh2 c6 18.Ng3 Bg6 19.Nge4 O-O 20.Rhd1 Kh8 21.Kg1 h6 22.a4 Rad8
23.a5 Nd5 24.Nc5 Bxc5 25.dxc5 Qc7 26.Nxd5  1/2-1/2

[Event "Recklinghausen"]
[Site "Recklinghausen"]
[Date "1996.??.??"]
[Round "1"]
[White "Kishnev, Sergey"]
[Black "Varga, Zoltan"]
[Result "1-0"]
[WhiteElo "2485"]
[BlackElo "2450"]

1.d4 d5 2.c4 dxc4 3.e4 Nf6 4.e5 Nd5 5.Bxc4 Nb6 6.Bb3 Nc6 7.Nf3 Bf5 8.Nc3 e6
9.O-O Be7 10.h3 O-O 11.a3 Qd7 12.Ba2 Rfd8 13.Be3 h6 14.Qc2 Bf8 15.Rad1 Ne7
16.Bc1 Qc6 17.Bb3 Nbd5 18.Ne4 Ng6 19.Ng3 Ngf4 20.Bxf4 Nxf4 21.Qc3 Nd5 22.Qc1 Qb6
23.Bxd5 Rxd5 24.Nxf5 exf5 25.Qc2 g6 26.Rd3 c6 27.Re1 Re8 28.Rde3 Re6 29.h4 Qc7
30.h5 Qd7 31.Rc3 f4 32.Qe4 g5 33.g3 g4 34.Nh2 Rxd4 35.Qf5 Bg7 36.gxf4 Re7
37.Qxd7 Rexd7 38.f5 Rf4 39.f6 Rd2 40.Rg3 Bf8 41.Rxg4+ Rxg4+ 42.Nxg4 a5 43.Kg2 a4
44.Kf3 Rxb2 45.Rd1 Rb3+ 46.Kg2  1-0

[Event "Reggio Emilia9596"]
[Site "Reggio Emilia"]
[Date "1996.??.??"]
[Round "6"]
[White "Epishin, Vladimir"]
[Black "Godena, Michele"]
[Result "1-0"]
[WhiteElo "2640"]
[BlackElo "2420"]

1.d4 d5 2.c4 dxc4 3.e4 e5 4.Nf3 Bb4+ 5.Nc3 exd4 6.Nxd4 Ne7 7.Bf4 Ng6 8.Bg3 Qe7
9.Bxc4 Qxe4+ 10.Kf1 Bxc3 11.bxc3 O-O 12.Qe1 Qxe1+ 13.Rxe1 Bd7 14.h4 Nc6 15.Nxc6 Bxc6
16.h5 Nh8 17.Rh4 Rfe8 18.Rxe8+ Bxe8 19.Re4 Rc8 20.Bd5 Bb5+ 21.c4 Ba6 22.Bxc7 h6
23.Re7 Kh7 24.Ke2 g6 25.hxg6+ Kxg6 26.Kd3 Kf6 27.Rd7 b5 28.c5 b4+ 29.Kd4 Bb5
30.c6 a5 31.Bxa5  1-0

[Event "ISL-ISR"]
[Site "Reykjavik"]
[Date "1996.??.??"]
[Round "1"]
[White "Thorsteins, Karl"]
[Black "Greenfeld, Alon"]
[Result "0-1"]
[WhiteElo "2500"]
[BlackElo "2560"]

1.d4 d5 2.c4 dxc4 3.e4 Nc6 4.Be3 Nf6 5.f3 e5 6.d5 Nd4 7.Bxd4 exd4 8.Qxd4 Bb4+
9.Nc3 O-O 10.O-O-O Bxc3 11.Qxc3 b5 12.Ne2 c6 13.dxc6 Qb6 14.Nd4 Be6 15.Nxe6 fxe6
16.Qd4 Qa5 17.Qc5 Qxa2 18.Qxb5 c3 19.c7 Rac8 20.Rd3 Nxe4 21.fxe4 Qa1+ 22.Kc2 cxb2
23.Rb3 Rxc7+ 24.Kd3 Rc3+  0-1

[Event "Sas van Gent op U20"]
[Site "Sas van Gent"]
[Date "1996.??.??"]
[Round "4"]
[White "Schneider, Stefan"]
[Black "Moen, Andreas"]
[Result "1-0"]
[WhiteElo "2225"]
[BlackElo "2195"]

1.d4 d5 2.c4 dxc4 3.e4 Nf6 4.e5 Nd5 5.Bxc4 e6 6.Nf3 Be7 7.Nc3 Nxc3 8.bxc3 c5
9.O-O Nc6 10.Qe2 cxd4 11.Rd1 d3 12.Bxd3 Qc7 13.Bf4 b6 14.Bb5 Bb7 15.h4 Bc5
16.Ng5 a6 17.Bd3 Ne7 18.Bg3 Nd5 19.Ne4 Qc6 20.Qf1 O-O 21.Kh2 Rfd8 22.Rac1 Ba3
23.Rc2 Rd7 24.Rcd2 Rc7 25.c4 Nb4 26.Bb1 Rf8 27.Nd6 Qc5 28.Qe2 Ba8 29.Qg4 Nc6
30.f4 Ne7 31.h5 h6 32.Bf2 Qa5 33.Bh4 Bxd6 34.exd6  1-0

[Event "Soest op"]
[Site "Soest"]
[Date "1996.??.??"]
[Round "1"]
[White "Jansen, Josef"]
[Black "Jonkman, Harmen"]
[Result "0-1"]
[WhiteElo "2275"]
[BlackElo "2325"]

1.d4 d5 2.c4 dxc4 3.e4 Nf6 4.Nc3 e5 5.d5 c6 6.Bxc4 Bb4 7.Qc2 cxd5 8.exd5 Nxd5
9.Ne2 O-O 10.O-O Nxc3 11.bxc3 Bc5 12.Ng3 Nc6 13.Rd1 Qh4 14.Bd5 Kh8 15.Re1 f5
16.Be3 Be7 17.Bd2 e4 18.Bxc6 bxc6 19.Qa4 e3 20.Qxh4 exf2+ 21.Kxf2 Bxh4 22.Bf4 Kg8
23.Kg1 Ba6 24.Re6 Rac8 25.Rd6 g6 26.Nf1 Bf6 27.Rc1 Bc4 28.a4 Bd8 29.Nd2 Bf7
30.Rd7 Be6 31.Rb7 Bb6+ 32.Kh1 Rce8 33.Be5 Rf7 34.Rxf7 Kxf7 35.Nf3 Bb3 36.a5 Bxa5
37.Rb1 Bd5 38.Rb7+ Re7 39.Rb8 Bxf3  0-1

[Event "Soest op"]
[Site "Soest"]
[Date "1996.??.??"]
[Round "7"]
[White "Enklaar, Bertus F"]
[Black "Ye Rongguang"]
[Result "0-1"]
[WhiteElo "2390"]
[BlackElo "2475"]

1.d4 d5 2.c4 dxc4 3.e4 Nc6 4.Be3 Nf6 5.f3 e5 6.d5 Ne7 7.Bxc4 Ng6 8.Ne2 a6
9.O-O Bd6 10.Nd2 O-O 11.Nb3 Qe7 12.Rc1 Nh5 13.Re1 Bd7 14.Ng3 Nxg3 15.hxg3 Rfc8
16.Re2 Ba4 17.Qe1 Nf8 18.Qf2 b6 19.Nd2 Be8 20.Nb3 Ba4 21.Nd2 Be8 22.Nf1 b5
23.Bd3 c5 24.dxc6 Rxc6 25.Rxc6 Bxc6 26.Rc2 Bd7 27.Nd2 Be6 28.b3 Bb4 29.Bf1 Rc8
30.Rxc8 Bxc8 31.a4 Bd7 32.axb5 axb5 33.Bd3 Ne6 34.Qe2 Qd6 35.Nf1 h5 36.Bb1 Nd4
37.Qd3 Bc5 38.Kf2 Be6 39.Nd2 Qb6 40.f4 Nxb3 41.Nxb3 Bxe3+ 42.Qxe3 Qxe3+ 43.Kxe3 Bxb3
44.Bd3 b4 45.fxe5 Be6 46.Kd4 b3 47.Kc3 Kh7 48.Be2 Kg6 49.Bd1 Kg5 50.Kb2 h4
51.gxh4+ Kxh4 52.Bxb3 Bxb3 53.Kxb3 Kg3 54.Kc4 Kxg2 55.Kd4 Kf3  0-1

[Event "Petrov mem"]
[Site "St Petersburg"]
[Date "1996.??.??"]
[Round "1"]
[White "Tunik, Gennady"]
[Black "Konopelchenkova, Tatjana"]
[Result "1-0"]
[WhiteElo "2475"]
[BlackElo "2200"]

1.d4 d5 2.c4 dxc4 3.e4 Nc6 4.Be3 e5 5.d5 Nce7 6.Nc3 Ng6 7.g3 Nf6 8.f3 a6
9.Bxc4 Bd6 10.Qd2 Bd7 11.Rd1 O-O 12.h4 b5 13.Bb3 Nh5 14.Bf2 Qe7 15.Nge2 b4
16.Na4 Bb5 17.Rc1 Rad8 18.Qg5 Qe8 19.Nc5 Bxe2 20.Kxe2 f6 21.Qe3 Qb5+ 22.Ke1 Rf7
23.Qe2 Qxe2+ 24.Kxe2 f5 25.Ne6 Rdd7 26.Rc6 fxe4 27.fxe4 Rf6 28.Rxa6 Rdf7
29.Ra8+ Nf8 30.Be1 Rg6 31.Nxf8 Rxf8 32.Rxf8+ Kxf8 33.Kf3 Ke7 34.Bc4 Bc5 35.Rh2 Rf6+
36.Kg4 Nf4 37.h5 g6 38.gxf4 Rxf4+ 39.Kh3 Rxe4 40.Bh4+ Kd6 41.hxg6 hxg6 42.b3 Re3+
43.Kg2 Rc3 44.Bg3 Bd4 45.Rh6 Rc2+ 46.Kf3  1-0

[Event "Petrov mem"]
[Site "St Petersburg"]
[Date "1996.??.??"]
[Round "4"]
[White "Giorgadze, Giorgi"]
[Black "Skomorokhin, Roman"]
[Result "1-0"]
[WhiteElo "2590"]
[BlackElo "2450"]

1.d4 d5 2.c4 dxc4 3.e4 Nc6 4.Be3 e5 5.d5 Nce7 6.Bxc4 Nf6 7.Nc3 a6 8.Bc5 Ng6
9.Bxf8 Nxf8 10.Qa4+ Bd7 11.Qb4 b5 12.Bd3 Ng6 13.Nf3 Bg4 14.Nd2 Nf4 15.Bf1 Qe7
16.a3 h5 17.h4 Bd7 18.Nb3 Ng6 19.g3 Rc8 20.Qxe7+ Kxe7 21.Nc5 Ra8 22.Rc1 Rhb8
23.Nd1 Nf8 24.Ne3 g6 25.f4 exf4 26.gxf4 Ra7 27.Be2 Ne8 28.e5 Ng7 29.Kf2 Bf5
30.Rhd1 Nd7 31.Bf3 Nxc5 32.Rxc5 Kd8 33.e6 Ke8 34.Rdc1 fxe6 35.Rxc7 Rxc7 36.Rxc7 Kf8
37.Nxf5 gxf5 38.dxe6 Nxe6 39.Rh7 Rd8 40.Ke3 Ng7 41.Rh8+ Ke7 42.Rxd8 Kxd8
43.Kd4 Ke7 44.Ke5 a5 45.Bd5 b4 46.a4  1-0

[Event "Petrov mem"]
[Site "St Petersburg"]
[Date "1996.??.??"]
[Round "9"]
[White "Yuferov, Sergey  N"]
[Black "Ibragimov, Ildar"]
[Result "1/2-1/2"]
[WhiteElo "2440"]
[BlackElo "2575"]

1.d4 d5 2.c4 dxc4 3.e4 e5 4.Nf3 exd4 5.Bxc4 Nc6 6.O-O Be6 7.Bb5 Bc5 8.b4 Bb6
9.Bb2 Qd6 10.a4 Ne7 11.a5 Qxb4 12.Qe2 d3 13.Bxd3 Nd4 14.Bxd4 Bxd4 15.Ra4 Bxf2+
16.Rxf2 Qc5 17.Qc2 Qe3 18.Ra3 O-O 19.Bf1 Qf4 20.g3 Qf6 21.Qxc7 Rac8 22.Qf4 Qxf4
23.gxf4 Rc1 24.Nbd2 f5 25.Ng5 Bd7 26.e5 h6 27.Ngf3 Be6 28.Nd4 Bd5 29.Rg3 Rfc8
30.h4 Rd1 31.Kh2 Rcc1 32.Rg1 Ra1 33.N4b3 Ra2 34.Bc4 Bxc4 35.Rxd1 Bxb3 36.Rg1 Bd5
37.Kg3 Rxa5 38.h5 Ra3+ 39.Kh2 a5 40.Rb1 a4 41.Nf1 Rc3 42.Ng3 a3 43.Rd2 a2
44.Ra1 b5 45.Nxf5 Nxf5 46.Rxd5 Rc2+ 47.Kh3 b4 48.e6 b3 49.Rb5 Rc3+ 50.Kh2 Nd4
51.Rb8+ Kh7 52.e7 Re3 53.e8=Q Rxe8 54.Rxe8 b2 55.Rxa2 b1=Q 56.Raa8 Qc2+ 57.Kg3 Qc3+
58.Kh2 Qd2+ 59.Kh3 Qd3+ 60.Kh2 Nf3+ 61.Kg2 Ne1+ 62.Kf2 Qd2+ 63.Kf1 Qxf4+
64.Kxe1 Qh4+ 65.Kf1 Qxh5 66.Rh8+ Kg6 67.Ra6+ Kf7 68.Ra7+ Ke6 69.Ra6+ Kd7
70.Ra7+ Kc6 71.Rc8+ Kb6 72.Raa8 Qf3+ 73.Kg1 Qg3+ 74.Kh1 Kb7 75.Rg8 h5 76.Raf8 Kc6
77.Rf1 Qh3+ 78.Kg1 Qe3+ 79.Kh2 Qe5+ 80.Kg1 Qc5+ 81.Rf2 Qd4 82.Rc8+ Kd7 83.Rc2 Qe3
84.Re2 Qg5+ 85.Kf1 h4 86.Rd2+ Ke6 87.Rg2 Qb5+ 88.Kg1 g5 89.Rgf2 Ke5 90.Rde2+ Kd4
91.Re1 Qb4 92.Rd1+ Ke3 93.Rff1 Qg4+ 94.Kh1 Qh3+ 95.Kg1 Qg3+ 96.Kh1 Ke2 97.Ra1 h3
98.Ra2+ Kxf1 99.Rf2+ Ke1 100.Re2+  1/2-1/2

[Event "St Petersburg-ch"]
[Site "St Petersburg"]
[Date "1996.??.??"]
[Round "9"]
[White "Epishin, Vladimir"]
[Black "Lugovoi, Aleksei"]
[Result "1-0"]
[WhiteElo "2620"]
[BlackElo "2500"]

1.d4 d5 2.c4 dxc4 3.e4 Nc6 4.Be3 Nf6 5.Nc3 e5 6.d5 Na5 7.Nf3 a6 8.Nxe5 b5
9.Qd4 Bb4 10.Be2 O-O 11.O-O Qe7 12.Nf3 c5 13.Qe5 Qxe5 14.Nxe5 Bxc3 15.bxc3 Nxe4
16.Bf3 f5 17.Bxe4 fxe4 18.Bxc5 Re8 19.f4 exf3 20.Nxf3 Nb7 21.Ba3 Bg4 22.Nd4 Bd7
23.Rf3 a5 24.Raf1 b4 25.cxb4 Nd6 26.bxa5 Ne4 27.Bb4 Nf6 28.d6 Re4 29.Nf5 Re2
30.Ne7+ Kf7 31.Bc3 Re6 32.Nf5 Bc6 33.Rg3 g5 34.Nd4 Rxd6 35.Nxc6 Rxc6 36.Rxg5 Raa6
37.Rgf5 Kg6 38.Rxf6+  1-0

[Event "Rudenko mem"]
[Site "St Petersburg"]
[Date "1996.??.??"]
[Round "9"]
[White "Kozlovskaya, Valentina"]
[Black "Shushpanova, Nina"]
[Result "1/2-1/2"]
[WhiteElo "2240"]
[BlackElo "2115"]

1.d4 d5 2.c4 dxc4 3.e4 Nf6 4.Nc3 Nc6 5.Nf3 Bg4 6.Be3 e6 7.Bxc4 a6 8.Be2 Bb4
9.Qd3 O-O 10.O-O Bxf3 11.Bxf3 Ne5 12.Qe2 Nxf3+ 13.Qxf3 Re8 14.Rfd1 c6 15.a3 Be7
16.b4 g6 17.Rab1 b5 18.Bg5 Ra7 19.Bxf6 Bxf6 20.e5 Be7 21.Rd3 Rc7 22.Ne4 Kg7
23.Qf4 Rd7 24.Rbd1 f5 25.Nc3 c5 26.bxc5 Bxc5 27.d5 Bxa3 28.d6 Bb2 29.Nxb5 axb5
30.Rb3 Bxe5 31.Qxe5+ Qf6 32.f4 Rb8 33.Rh3 Qxe5 34.fxe5 b4 35.Rb3 Rb5 36.Re1 Rdb7
37.Kf2 Rd5 38.Ree3 Rbb5 39.Red3 Rxd3 40.Rxd3 Rb8 41.Rb3 Kf7 42.Kf3 h6 43.h4 Ke8
44.Kf4 Kd7 45.g4 Kc6 46.gxf5 gxf5 47.Ke3 Kd5 48.d7 Kxe5 49.Rxb4 Rd8 50.Rd4 Kf6
51.Rd1 e5 52.Rd6+ Ke7 53.Rxh6 Rxd7 54.h5 Rd1 55.Ra6 Rh1 56.h6 Kf7 57.Kf3 Kg8
58.Re6 Re1 59.Re7 Kh8 60.Kg3 Re4 61.Kh3 Kg8 62.Rg7+ Kh8 63.Re7 Kg8  1/2-1/2

[Event "Rilton Cup 96/97"]
[Site "Stockholm"]
[Date "1996.??.??"]
[Round "3"]
[White "Antonsen, Mikkel"]
[Black "Degerman, Lars"]
[Result "0-1"]
[WhiteElo "2410"]
[BlackElo "2500"]

1.d4 d5 2.c4 dxc4 3.e4 Nc6 4.Be3 Nf6 5.Nc3 Ng4 6.Bxc4 e5 7.d5 Nxe3 8.fxe3 Nb8
9.Qf3 Qh4+ 10.g3 Qg4 11.h3 Qg6 12.O-O-O a6 13.Nge2 Bc5 14.Rdf1 O-O 15.g4 b5
16.Bb3 Qb6 17.Ng3 a5 18.d6 Qxd6 19.Nf5 Bxf5 20.exf5 Qd3 21.Nd5 e4 22.Qf4 Ra6
23.Rd1 Rc6 24.Rxd3 Bxe3+ 25.Kb1 Bxf4 26.Ne7+ Kh8 27.Nxc6 exd3 28.Nxb8 Rxb8
29.Bxf7 c5 30.Re1 c4 31.Re8+ Rxe8 32.Bxe8 b4 33.Bb5 d2 34.Kc2 c3 35.bxc3 bxc3
36.Ba4 Be5 37.Kd3 Kg8 38.g5 Bf4 39.h4  0-1

[Event "Rilton Cup 96/97"]
[Site "Stockholm"]
[Date "1996.??.??"]
[Round "7"]
[White "Antonsen, Mikkel"]
[Black "Hellborg, Teodor"]
[Result "1-0"]
[WhiteElo "2410"]
[BlackElo "2215"]

1.d4 d5 2.c4 dxc4 3.e4 Nc6 4.Be3 Nf6 5.Nc3 e5 6.d5 Ne7 7.Bxc4 Ng6 8.Bb5+ Bd7
9.Bxd7+ Nxd7 10.Nf3 Bd6 11.h4 Nf4 12.Kf1 g6 13.g3 Nh5 14.Bh6 Ndf6 15.Nh2 a6
16.g4 Nf4 17.Bxf4 exf4 18.Qd4 c5 19.dxc6 Be7 20.Qxd8+ Rxd8 21.g5 Nh5 22.c7 Rc8
23.Nd5 f6 24.Rc1 Bd6 25.gxf6 Kf7 26.Ng4 Ke6 27.Rh3 h6 28.Kg2 Rh7 29.Rb3 b5
30.Rbc3 a5 31.Rc6 g5 32.Kf3  1-0

[Event "SUI-chT"]
[Site "SUI"]
[Date "1996.??.??"]
[Round "1"]
[White "Mohr, Stefan"]
[Black "Huebner, Robert"]
[Result "0-1"]
[WhiteElo "2420"]
[BlackElo "2595"]

1.d4 d5 2.c4 dxc4 3.e4 Nf6 4.e5 Nd5 5.Bxc4 Nb6 6.Bb3 Nc6 7.Ne2 Bf5 8.Nbc3 e6
9.O-O Qd7 10.Be3 O-O-O 11.a3 f6 12.exf6 gxf6 13.Ng3 Bg6 14.Qe2 Kb8 15.Rfd1 Ne7
16.Nge4 Ned5 17.Nc5 Qe8 18.Rac1 Bh5 19.f3 Rg8 20.Nxd5 Nxd5 21.Bxd5 exd5 22.Re1 Bd6
23.Nd3 Qe6 24.Kh1 Rde8 25.Qd2 Bxf3 26.gxf3 Qh3  0-1

[Event "Czerniak mem"]
[Site "Tel Aviv"]
[Date "1996.??.??"]
[Round "7"]
[White "Gofshtein, Leonid D"]
[Black "Afek, Yochanan"]
[Result "1-0"]
[WhiteElo "2540"]
[BlackElo "2395"]

1.d4 d5 2.c4 dxc4 3.e4 c5 4.d5 e6 5.Nc3 exd5 6.Nxd5 Ne7 7.Bxc4 Nxd5 8.Bxd5 Be7
9.Ne2 O-O 10.O-O Na6 11.Nc3 Nc7 12.Bf4 Nxd5 13.Nxd5 Bd6 14.e5 Bb8 15.Qf3 Bg4
16.Qe4 Re8 17.Rac1 b6 18.Ne3 Qd4 19.Qxa8 Qxf4 20.Nxg4 Qxg4 21.f4 Qe6 22.Qf3 Qxa2
23.b3 Qa6 24.Rfd1 Qc8 25.Rd3 b5 26.Kh1 a5 27.Rd5 Ba7 28.Qd3 a4 29.Qxb5 axb3
30.Qxb3 Qc6 31.Qc4 g6 32.Rcd1 Re7 33.Rd6 Qb7 34.e6 Qb4 35.Qd5 c4 36.Qe5  1-0

[Event "GRE-chT"]
[Site "Thessaloniki"]
[Date "1996.??.??"]
[Round "3"]
[White "Haritakis, Theodoros"]
[Black "Bousios, Hristos"]
[Result "1/2-1/2"]
[WhiteElo "2320"]
[BlackElo "2195"]

1.d4 d5 2.c4 dxc4 3.e4 b5 4.a4 c6 5.b3 e5 6.d5 Bb4+ 7.Bd2 Bxd2+ 8.Qxd2 Nf6
9.axb5 Nxe4 10.Qe3 cxd5 11.bxc4 O-O 12.Nf3 Bb7 13.cxd5 Qxd5 14.Be2 a6 15.bxa6 Nxa6
16.O-O Nac5 17.Nc3 Nxc3 18.Qxc3 e4 19.Rad1 Qh5 20.Ne5 Qxe2 21.Qxc5 Qh5 22.Rfe1 Rac8
23.Qd4 h6 24.Nc4 Qg5 25.Nd6 Rcd8 26.Qb4 Ba8 27.Nxe4 Bxe4  1/2-1/2

[Event "Tuebingen-ch55"]
[Site "Tuebingen"]
[Date "1996.??.??"]
[Round "?"]
[White "Meyer, Thomas"]
[Black "Koegler, Rene"]
[Result "0-1"]
[WhiteElo "1605"]
[BlackElo "1850"]

1.d4 d5 2.c4 dxc4 3.e4 c5 4.Bxc4 Qxd4 5.Qxd4 cxd4 6.Nf3 Nc6 7.Bb5 Bd7 8.O-O O-O-O
9.Bf4 f6 10.e5 g5 11.Bg3 g4 12.Bxc6 Bxc6 13.Nh4 e6 14.exf6 Nxf6 15.Be5 Bg7
16.Nd2 Nh5 17.Rfe1 Rd5 18.Nc4 Rhd8 19.f3 Bxe5 20.Nxe5 g3 21.Nxc6 gxh2+ 22.Kxh2 bxc6
23.Rxe6 Kc7 24.g3 d3 25.Rd1 Rg8 26.g4 Nf4 27.Re4 Ne2 28.Re7+ Kb6 29.Rxh7 Re8
30.Nf5 c5 31.Re7 Rxe7 32.Nxe7 Re5 33.Nc8+ Kc7 34.Nxa7 c4 35.b3 c3 36.Rxd3 c2  0-1